000 00637nam a2200217 a 4500
999 _c6283
_d6283
001 6283
003 BD-JhCC
005 20180118191020.0
008 180118s2002 bg |||| ||a| 00| 0 en d
035 _a(BD-JhCC)6283
040 _aBD-JhCC
_dBD-JhCC
041 _aeng
082 _a892.71
_bKHO 2002
100 _aখোদা - এ - ফজলে
245 _aবন্দেগি /
_c ফজলে - এ - খোদা
260 _aঢাকা :
_bইসলামিক ফাউন্ডশন বাংলাদেশ,
_c2002.
300 _a115 p. :
_c24 cm.
650 _aIslamic poetry
942 _2ddc
_cBK